000 01014cam a2200301 a 4500
999 _c4679
_d4679
001 15517302
003 OSt
005 20250307105018.0
008 081110s2008 enk b 001 0 eng
010 _a 2008300604
015 _aGBA896709
_2bnb
020 _a9781844674169 (pbk.)
020 _a1844674169 (pbk.)
035 _a(OCoLC)ocn227016555
040 _aUKM
_cUKM
_dBTCTA
_dYDXCP
_dBAKER
_dC#P
_dBWX
_dBWK
_dCDX
_dDLC
_dKH8
041 1 _aeng
_hpol
042 _alccopycat
082 0 4 _a909.09 KAP
_222
100 1 _aKapuściński, Ryszard,
_eauthor.
245 1 4 _aThe other /
_cRyszard Kapuściński ; translated by Antonia Lloyd-Jones ; with an introduction by Neal Ascherson.
260 _aLondon ;
_aNew York :
_bVerso,
_c2008.
300 _a100 p. ;
_c21 cm.
500 _a"First published as Ten inny, Wydawnicto Znak, Kraków 2006"--T.p. verso.
500 _aTranslated from the Polish.
504 _aIncludes bibliographical references and index.
650 0 _aEast and West.
942 _2ddc
_cNFIC